书目信息 |
| 题名: |
天才在左 疯子在右
|
|
| 作者: | 高铭 著 | |
| 分册: | ||
| 出版信息: | 北京 北京联合出版公司 2018.05 |
|
| 页数: | 360页 | |
| 开本: | 24cm | |
| 丛书名: | ||
| 单 册: | ||
| 中图分类: | B84-49 | |
| 科图分类: | ||
| 主题词: | 心理学--xin li xue--通俗读物 | |
| 电子资源: | ||
| ISBN: | 978-7-5596-2012-5 | |
| 000 | 00940nam0 2200253 450 | |
| 001 | 202019135191 | |
| 005 | 20191007123107.0 | |
| 010 | @a978-7-5596-2012-5@dCNY49.80 | |
| 100 | @a20191003d2018 em y0chiy50 ea | |
| 101 | 0 | @achi |
| 102 | @aCN@b110000 | |
| 105 | @ay z 000yy | |
| 106 | @ar | |
| 200 | 1 | @a天才在左 疯子在右@Atian cai zai zuo feng zi zai you@e完整版@f高铭著 |
| 210 | @a北京@c北京联合出版公司@d2018.05 | |
| 215 | @a360页@d24cm | |
| 300 | @a铁葫芦 | |
| 314 | @a高铭, 作家, 著有《天才在左 疯子在右》等。 | |
| 330 | @a本书是国内第一本具有人文情怀的精神病患谈访录, 在与精神病患对话的内容里涉及到生理学、心理学、佛学、宗教、量子物理、符号学以及玛雅文明和预言等众多领域, 表现出精神病患看待世界的角度和对生命提出的深刻观点, 闻所未闻却又论证严谨。 | |
| 606 | 0 | @a心理学@Axin li xue@j通俗读物 |
| 690 | @aB84-49@v5 | |
| 701 | 0 | @a高铭@Agao ming@4著 |
| 801 | 0 | @aCN@c20190905 |
| 905 | @a河南城建学院图书馆@dB84-49@eG152-2 | |
| 天才在左 疯子在右:完整版/高铭著.-北京:北京联合出版公司,2018.05 |
| 360页;24cm |
| 铁葫芦 |
| ISBN 978-7-5596-2012-5:CNY49.80 |
| 本书是国内第一本具有人文情怀的精神病患谈访录, 在与精神病患对话的内容里涉及到生理学、心理学、佛学、宗教、量子物理、符号学以及玛雅文明和预言等众多领域, 表现出精神病患看待世界的角度和对生命提出的深刻观点, 闻所未闻却又论证严谨。 |
| ● |
| 相关链接 |
|
|
|
正题名:天才在左 疯子在右
索取号:B84-49/G152-2
 
预约/预借
| 序号 | 登录号 | 条形码 | 馆藏地/架位号 | 状态 | 备注 |
| 1 | 1443756 | 214437563 | 社科库509/509社科库 35排1列5层/ [索取号:B84-49/G152-2] | 在馆 | |
| 2 | 1443757 | 214437572 | 社科库509/509社科库 35排1列4层/ [索取号:B84-49/G152-2] | 在馆 | |
| 3 | 1443758 | 214437581 | 社科库509/509社科库 35排1列5层/ [索取号:B84-49/G152-2] | 在馆 |